[Event "Pamplona 9293 3rd"]
[Site "Pamplona"]
[Date "1992.??.??"]
[Round "1"]
[White "Damljanovic, Branko"]
[Black "De la Villa Garcia, Jesus Maria"]
[Result "1/2-1/2"]
[WhiteElo "2595"]
[BlackElo "2475"]
[Annotator "Horn,Pe"]
[PlyCount "112"]
[EventDate "1992.12.??"]
[EventType "tourn"]
[EventRounds "9"]
[EventCountry "ESP"]
[EventCategory "13"]
[SourceTitle "CBM 033"]
[Source "ChessBase"]
[SourceDate "1993.04.01"]
[SourceVersion "1"]
[SourceVersionDate "1993.04.01"]
[SourceQuality "1"]

1. Nf3 d5 2. g3 Nf6 3. Bg2 c6 4. O-O Bg4 5. d3 Nbd7 6. Nbd2 e5 7. e4 dxe4 8.
dxe4 Bc5 9. h3 Bh5 10. Qe1 O-O 11. a4 (11. Nb3 $1 Bb6 12. a4 a5 (12... a6 13.
a5 Ba7 14. Be3 Bxe3 15. Qxe3 $14 {Smejkal-Bönsch, Altensteig 1991}) 13. Be3 $1
Bxe3 14. Qxe3 Bxf3 15. Bxf3 Qc7 16. Rfd1 Rfd8 17. Rd2 b6 18. Rad1 Nf8 19. Be2
$14 {Smejkal-Kuczynski, Polanica Zdroj 1991}) 11... Ne8 12. Nh4 (12. Nb3 $5)
12... a5 13. Nb3 Bb6 14. Be3 Bxe3 15. Qxe3 $14 Nd6 16. Qd3 Nb6 (16... Qc7 $4
17. g4 Bg6 18. Rfd1 $18) 17. Qc3 Nd7 (17... Nbc4 18. Nf5 f6 19. g4 Bf7 20. Rfd1
Qc7 21. Rd3 (21. Nxd6 Nxd6 22. Nxa5 Rxa5 23. Rxd6 Rxa4)) 18. Nf5 Nxf5 19. exf5
{/\ g4} f6 20. g4 Bf7 21. Rfd1 Qc7 22. Nxa5 Rxa5 23. Rxd7 Qxd7 24. Qxa5 h5 25.
Qc3 (25. Bf3 $16) (25. Be4 $16) 25... hxg4 26. hxg4 Rd8 27. Bf3 Qe7 (27... Qd2
28. Rd1 Qxd1+ 29. Bxd1 Rxd1+ 30. Kg2 Rd4) 28. a5 $6 (28. Rd1 $16) (28. Be4 $5)
28... Bd5 29. Be2 Kf7 30. Qa3 Rh8 31. Qxe7+ Kxe7 32. f3 e4 33. Re1 (33. Kg2
exf3+ 34. Bxf3 Bxf3+ 35. Kxf3 Rh2 36. Re1+ Kd6 37. Re2 Rxe2 38. Kxe2 Kc5 39. c3
Kb5 40. b4 c5 $10) 33... Kd6 34. c4 exf3 35. cxd5 fxe2 36. dxc6 bxc6 37. Rxe2
Rb8 $1 $10 38. Rd2+ (38. Re4 Rxb2 39. Ra4 Rb7 {/\ Kc5-b5}) 38... Ke5 39. Kg2
Rb5 40. Rc2 Rxa5 41. Rxc6 Rb5 42. Kg3 Rb3+ 43. Kh4 Rxb2 44. Kh5 Rb7 45. Kg6 Kf4
46. Rc4+ Ke5 47. Rc1 Kf4 48. Kh5 Ra7 49. Rf1+ Ke5 50. Kg6 Rb7 51. g5 fxg5 52.
Kxg5 Ke4 53. Kg4 Ke5 54. Kg5 Ke4 55. Re1+ Kf3 56. Rf1+ Ke4 1/2-1/2

[Event "RUS Cup final 6th"]
[Site "Nefteyugansk"]
[Date "2002.10.09"]
[Round "4"]
[White "Prokopchuk, Evgeny"]
[Black "Yevseev, Denis"]
[Result "1-0"]
[WhiteElo "2513"]
[BlackElo "2553"]
[Annotator "Horn,Pe"]
[PlyCount "105"]
[EventDate "2002.10.06"]
[EventType "tourn"]
[EventRounds "11"]
[EventCountry "RUS"]
[EventCategory "11"]
[SourceTitle "CBM 092"]
[Source "ChessBase"]
[SourceDate "2003.02.06"]
[SourceVersion "1"]
[SourceVersionDate "2003.02.06"]
[SourceQuality "1"]

1. Nf3 d5 2. g3 Bg4 3. Bg2 Nd7 4. c4 e6 5. Qb3 Nc5 6. Qc2 Nf6 7. O-O Be7 8. d3
c6 9. Be3 Ncd7 (9... Bxf3 10. Bxf3 d4 11. Bc1 a5 12. Nd2 e5 (12... a4 13. Bg2
Nfd7 14. Nf3 e5 15. e3 dxe3 16. Bxe3 O-O 17. d4 exd4 18. Nxd4 $14 {Pigusov,
E-Nikitin,A/Smolensk 2000}) 13. Bg2 O-O 14. Nf3 Qc7 15. e3 e4 16. Ne1 Rad8 17.
exd4 exd3 18. Qc3 Nfe4 19. Bxe4 Nxe4 20. Qxd3 Nc5 21. Qc2 Ne6 22. Nf3 Bf6 {
1/2-1/2 Kengis,E-Bareev,E/Germany 2001}) 10. cxd5 (10. Qb3 Qc7 11. cxd5 Nxd5
12. Bd2 $14 {Pigusov,E-Ibragimov,I/Elista 1996}) 10... exd5 11. Qb3 Qc7 12. Nc3
O-O 13. Rac1 Rfc8 14. Nd4 Nc5 15. Qc2 Qd7 16. b4 Ne6 17. Qb2 $146 (17. Qb3 b6 (
{Die Vermutung liegt nahe, daß Schwarz hier auch} 17... Nxd4 18. Bxd4 Bh3 {
gespielt hätte.}) 18. Rfd1 Rab8 19. b5 c5 $2 20. Nc6 $16 {Bosboom-Jonkman,
Vlissingen 1998}) 17... Nxd4 18. Bxd4 Bh3 19. Na4 Bxg2 20. Kxg2 b6 {[%cal
Yc6c5]} 21. Bxb6 $5 axb6 22. Nxb6 Qb7 23. Nxa8 (23. Nxc8) 23... Rxa8 24. Qc3
Rc8 (24... Rxa2 {sollte remis halten.} 25. Qxc6 Qxb4 26. Rc2) 25. a3 h5 26. f3
h4 27. e4 dxe4 28. dxe4 Qb5 29. Qd3 $4 {Das dürfte ein Erfassungsfehler sein.}
({Vielleicht geschah} 29. Qe3) 29... Qe5 $4 30. f4 (30. Rfd1 Qg5 $5) 30...
Qxe4+ 31. Qxe4 Nxe4 32. g4 g6 33. Rfe1 (33. f5 $5 {gönnt dem Ne4 kein stabiles
Zuhause im Zentrum}) 33... f5 34. b5 {Damit setzt ein spannendes Rennen ein.}
c5 (34... Bxa3 35. Rxc6 Rxc6 36. bxc6 Bd6 37. gxf5 gxf5 38. Rd1 $16 {[%cal
Yd1d5,Yd5f5]} Kf7 $2 39. c7 $18) 35. b6 Rb8 36. Rb1 Bd6 37. b7 c4 (37... Bxf4
$5 {kam in Betracht:} 38. Rb6 (38. gxf5 gxf5 39. a4 Bd2 {[%cal Yd2b4]}) 38...
Kf7 39. gxf5 gxf5 40. Rf1 Rg8+ 41. Kh1 Bc7 42. Rxf5+ Ke7 $11) 38. a4 c3 (38...
Bxf4 39. a5 c3 40. a6 c2 41. a7 $18) 39. a5 c2 40. Rb2 fxg4 $1 (40... Bxf4 41.
a6 $18) 41. a6 h3+ 42. Kh1 Nf2+ $2 ({mit} 42... Re8 $1 {war die Partie etl. zu
retten:} 43. Rxc2 (43. a7 $4 Ng3+ 44. hxg3 Rxe1+ 45. Kh2 Re2+ 46. Kh1 c1=R#)
43... Nf2+ 44. Kg1 Rxe1+ 45. Kxf2 Ra1 $11) 43. Kg1 Nd3 44. Rxc2 Nxe1 45. Rc8+
Kg7 46. a7 Nf3+ 47. Kf2 Rxb7 48. a8=Q Rb2+ 49. Ke3 Rb3+ 50. Ke4 Rb4+ $6 (50...
Kf7 {war noch einen Versuch wert}) 51. Kd5 Rd4+ 52. Ke6 Bxf4 53. Rc7+ 1-0

[Event "Hastings 9293"]
[Site "Hastings"]
[Date "1992.??.??"]
[Round "6"]
[White "Polugaevsky, Lev"]
[Black "Crouch, Colin S"]
[Result "1-0"]
[WhiteElo "2640"]
[BlackElo "2425"]
[Annotator "Horn,Pe"]
[PlyCount "93"]
[EventDate "1992.12.??"]
[EventType "tourn"]
[EventRounds "14"]
[EventCountry "ENG"]
[EventCategory "13"]
[SourceTitle "CBM 033"]
[Source "ChessBase"]
[SourceDate "1993.04.01"]
[SourceVersion "1"]
[SourceVersionDate "1993.04.01"]
[SourceQuality "1"]

1. Nf3 g6 2. g3 Bg7 3. Bg2 e5 4. O-O d5 5. d3 Ne7 6. Nbd2 O-O 7. e4 dxe4 (7...
Nbc6 8. c3 a5 9. a4 h6 10. exd5 Nxd5 11. Nc4 Re8 $6 12. Qb3 {
Polugaevsky-Sveshnikov, Soci 1974}) 8. dxe4 a5 (8... b6 9. b3 Ba6 (9... a5 10.
Bb2 Nbc6 11. Qe2 a4 12. Nc4 Ba6 13. h4 Qc8 14. Rad1 Bb5 15. h5 {
Polugaevsky-Maslov, Moskau 1963} axb3 $5 16. axb3 Ra2 17. Bc3 Qg4 $10) 10. Re1
Nbc6 11. Bb2 Qd7 12. Nf1 Rad8 13. Ne3 Qe6 14. Qc1 Bh6 15. Qb1 {
Polugaevsky-Mikenas, Riga 1968} f6 $1 $10) 9. Qe2 b6 10. Nc4 Ba6 11. b3 (11.
Rd1 $4 Bxc4 $19) 11... Nbc6 12. Bb2 Qc8 (12... b5 $4 13. Rfd1 $18) (12... a4 $5
13. bxa4 $2 Na5 14. Nfd2 Qc8) 13. a4 $1 b5 14. axb5 Bxb5 15. Rfd1 a4 $2 16.
bxa4 $1 Ba6 (16... Rxa4 $2 17. Rxa4 Bxa4 18. Ncxe5 $18) (16... Bxa4 $2 17.
Ncxe5 $18) 17. Bf1 Qe6 18. Qe3 $1 Bxc4 19. Ng5 {das hatte Crouch bei a5-a4
wohl nicht genügend beachtet} Qf6 20. Bxc4 Nd4 21. Bxd4 exd4 22. Qf4 c5 $2 (
22... Qxf4 23. gxf4 d3 24. Ra2 (24. cxd3 $5 Bxa1 25. Rxa1 Ra5) 24... dxc2 25.
Rc1 $16) 23. a5 $1 d3 24. cxd3 Qxf4 25. gxf4 Bxa1 26. Rxa1 Nc6 27. a6 Ra7 28.
e5 Nd4 29. Kg2 (29. Ne4 $2 Ne2+ 30. Kf1 Nxf4) 29... Kg7 30. Ra5 f6 (30... Rc8
31. Ne4 $18) 31. Ne4 fxe5 32. fxe5 Rf5 33. e6 Kf8 34. Nd6 Re5 35. Nc8 Ra8 36.
Nb6 (36. a7 Nc6) 36... Rg5+ 37. Kf1 Ra7 38. Ra1 (38. e7+ Ke8 $8) 38... Ke8 39.
Nc8 Ra8 40. Nd6+ (40. a7 $1 {/\ Nb6} Nf3 (40... Rxc8 41. a8=Q Rxa8 42. Rxa8+
Ke7 43. Ra7+) (40... Nc6 41. Bb5 $18) 41. Ke2 Nd4+ 42. Kd2 $18) 40... Ke7 41.
Ne4 Re5 42. Rb1 Ra7 (42... Nxe6 43. Rb7+ Kf8 44. Rxh7 $18) 43. Rb8 Nc6 (43...
Nxe6 44. Rb7+ Rxb7 45. axb7 $18) 44. Rb6 Rc7 45. Nc3 Nb4 46. Nb5 Rc8 47. a7 1-0

[Event "St Petersburg zt"]
[Site "St Petersburg"]
[Date "1993.??.??"]
[Round "8"]
[White "Pigusov, Evgeny"]
[Black "Sveshnikov, Evgeny"]
[Result "1/2-1/2"]
[WhiteElo "2575"]
[BlackElo "2555"]
[Annotator "Horn,Pe"]
[PlyCount "94"]
[EventDate "1993.01.??"]
[EventType "swiss"]
[EventRounds "9"]
[EventCountry "RUS"]
[SourceTitle "CBM 034"]
[Source "ChessBase"]
[SourceDate "1993.06.01"]
[SourceVersion "1"]
[SourceVersionDate "1993.06.01"]
[SourceQuality "1"]

1. Nf3 d5 2. g3 Nf6 3. Bg2 c6 4. O-O Bf5 5. b3 e6 6. Bb2 Bd6 (6... Be7) 7. d3
O-O (7... Qe7 $1 {/\ Ba3= Sveshnikov}) 8. Nbd2 Qe7 9. e4 (9. Qe1) (9. c4 e5 $15
{Sveshnikov}) 9... dxe4 10. dxe4 Nxe4 (10... Bxe4 $2 11. Bxf6 $18) 11. Nd4 (11.
Nxe4 Bxe4 12. Bxg7 Kxg7 (12... Bxf3 $2 13. Bxf8 $18) 13. Qd4+ $14 {Sveshnikov})
11... Nxd2 (11... Nf6 12. Nxf5 exf5 13. Re1 Qd8 14. Nc4 Be7 15. Qxd8 Bxd8 16.
Nd6 $16) 12. Nxf5 exf5 13. Qxd2 Be5 14. Bxe5 (14. Rae1 f6 15. Qe3 (15. f4 $2
Qc5+) 15... Qc7 (15... Nd7 $4 16. f4 $18) 16. Bxe5 fxe5 17. Qxe5 Qxe5 18. Rxe5
Nd7 $10) 14... Qxe5 15. Rfe1 Qc5 16. b4 Qb6 17. Rab1 a5 (17... Na6 $1 18. c4
Rad8 19. Qc2 Qd4 20. b5 cxb5 21. cxb5 Nc5 22. Qxf5 $10) 18. bxa5 Qxa5 19. Qxa5
Rxa5 20. Rxb7 Rxa2 21. Bf1 $1 c5 (21... Rxc2 22. Reb1 $18) (21... Na6 22. Bc4
Ra4 23. Bb3 Nc5 24. Bxa4 Nxb7 25. Bxc6 Nd6 $14) 22. Bb5 {Bb5 dominiert den Nb8}
Rb2 (22... Rxc2 23. Re8 $18) 23. c4 Ra2 24. Be8 (24. Re8 Ra8 25. Rxf8+ Kxf8 26.
Rc7 Na6 27. Rc6 $16) 24... Ra8 25. Ree7 Kh8 26. h4 g6 27. Kg2 {Zugzwang} (27.
Bxf7 $2 Nc6 {/\ Nd8}) 27... Na6 28. Bxf7 Rab8 29. h5 (29. Ra7 $1 Ra8 30. Bxg6
$1 Rxa7 (30... hxg6 $4 31. Rh7+ Kg8 32. Rag7#) 31. Rxa7 hxg6 32. Rxa6 Kg7 33.
Rc6 $18 {Sveshnikov}) 29... Rxb7 30. Rxb7 gxh5 31. Bxh5 f4 32. g4 Nb4 33. Bf7
Kg7 34. Bd5+ Kf6 35. Rxh7 $2 (35. Be4 $16) 35... Nxd5 36. cxd5 Ke5 $10 37. Kf3
(37. Rh5+ Kd4 {/\ c4}) 37... Kxd5 38. g5 Ke5 39. Kg4 f3 40. Re7+ Kd4 41. g6 c4
42. g7 Rg8 43. Kxf3 Kd5 44. Ke3 Kd6 45. Ra7 Ke5 46. Kd2 Kf6 47. Kc3 Rxg7
1/2-1/2

[Event "Tilburg"]
[Site "Tilburg"]
[Date "1994.??.??"]
[Round "3"]
[White "Vaganian, Rafael A"]
[Black "Sokolov, Ivan"]
[Result "0-1"]
[WhiteElo "2645"]
[BlackElo "2625"]
[Annotator "Horn,Pe"]
[PlyCount "84"]
[EventDate "1994.09.??"]
[EventType "k.o."]
[EventRounds "7"]
[EventCountry "NED"]
[SourceTitle "CBM 044"]
[Source "ChessBase"]
[SourceDate "1995.02.01"]
[SourceVersion "1"]
[SourceVersionDate "1995.02.01"]
[SourceQuality "1"]

1. Nf3 {Ftacnik Donev,I} d5 2. g3 c6 3. Bg2 Bg4 4. O-O Nd7 5. d3 e6 6. Nbd2 Bd6
7. b3 Ne7 8. Bb2 O-O 9. c4 a5 (9... f5 10. h3 Bxf3 (10... Bh5 $6 11. Ng5 Bf7
12. e3) 11. Nxf3 Ng6 (11... f4 $2 12. gxf4 (12. Ng5 $1) (12. Ng5 $1) 12... Bxf4
13. e3 Bb8 14. Ng5 Nf6 15. f4 Nf5 16. Qd2 Qd7 17. Nf3 $14 {Witt-Pajak/Toronto/
1987}) 12. e3 a5 13. a3 Qe7 14. cxd5 exd5 15. Re1 Rad8 16. Qc2 Nge5 17. Nd4 Nc5
18. Rad1 Ned7 $6 (18... Ncd7) (18... Ncd7) 19. b4 axb4 20. axb4 Ne6 $36 21. b5
$40 {Saidy-Bisguier/USA/1970}) (9... Rc8 10. Rc1 (10. a3 f5 11. h3 Bxf3 12.
Nxf3 Ng6 13. e3 e5 {Krojanski-Rausch/Dortmund/1992} 14. cxd5 cxd5 15. b4 $14)
10... b6 11. Re1 Bb8 12. b4 e5 13. d4 e4 14. Ne5 Nxe5 15. dxe5 e3 16. fxe3 Ng6
17. cxd5 cxd5 18. Rxc8 Bxc8 {remis/Bilek-Mohrlok/Büsum/1969}) 10. a3 e5 (10...
b5 11. Qc2 (11. cxb5 cxb5 12. Rc1 e5 13. Rc2 f6 14. Qb1 Rc8 15. Rfc1 Rxc2 16.
Rxc2 Qb8 17. Qc1 Rc8 $10 {Vakhidov-Tolstikh/Celiabinsk/1993}) (11. h3 Bh5 12.
cxb5 cxb5 13. Rc1 Qb6 14. Rc2 f6 15. Qb1 e5 16. e4 d4 $15 {Rubinetti-Chernin/
Buenos Aires/1992}) 11... e5 (11... Qb6 12. e4 dxc4 13. dxc4 b4 14. a4 Rfd8 15.
Rad1 Bc5 16. h3 Bh5 $13 {Paunovic-Kovacevic/JUG-ch/1989}) 12. c5 Bc7 13. e4 d4
14. Kh1 Ng6 15. Ng1 Qg5 16. Ndf3 Qe7 17. b4 Ra7 18. h3 Be6 19. h4 Rfa8 20. Ng5
Ndf8 $10 {Butnoris-Keres/Moskau/1972}) (10... Qb8 11. Qc2 e5 12. Rfe1 $6 (12.
h3) (12. e4) (12. h3) (12. e4) 12... f5 13. cxd5 cxd5 14. Nf1 Bh5 15. Rac1 Ra6
16. N3d2 f4 17. e4 Rc6 18. Qb1 d4 $17 {Giddins-Large/BCF-ch/1989}) 11. cxd5 (
11. Rc1 f6 12. cxd5 cxd5 13. e4 Nc5 14. Qc2 Rc8 15. Qb1 d4 $13 {
Urban-Neunhöffer/BL/1990}) 11... cxd5 12. h3 Bh5 13. g4 Bg6 14. Nh4 Nc5 (14...
f5 {Donev,I} 15. gxf5 (15. Nxg6 Nxg6 16. Bxd5+ Kh8 17. Bxb7 Rb8 18. Bg2 Qh4 $44
) 15... Bxf5 16. Nxf5 Rxf5 17. e4 Rg5 $13) 15. Ndf3 (15. Nxg6 $5 hxg6 16. d4
exd4 17. Nf3 $13 (17. Bxd4 Ne6 $10)) (15. b4 $2 axb4 16. axb4 Ne6 $17 {><b4,f4}
) 15... d4 16. Rc1 Ne6 17. e3 dxe3 18. fxe3 Qb6 19. d4 Rad8 (19... exd4 20.
Nxd4 Be5 $13 {I.Sokolov}) (19... Nd5 {Donev,I} 20. dxe5 Bxa3 21. Bxa3 Nxe3 22.
Qd6 $16) 20. Nxg6 Nxg6 (20... hxg6 $1 {Ftacnik /\ Nd5=/+}) (20... hxg6 $5 {
I.Sokolov}) 21. Qc2 exd4 22. Nxd4 Nxd4 (22... Bf4 {Donev,I} 23. Qe4 Bxe3+ 24.
Qxe3 Nxd4 25. Kh1 Rd6 $10) (22... Bc5 {Donev,I} 23. Kh1 (23. Nxe6 Bxe3+ 24. Kh1
Qxe6 25. Rce1 Qb6 $15) 23... Nxd4 (23... Bxd4 24. exd4 Nxd4 25. Qf2 Rd6 $10)
24. Qxc5 Qxc5 25. Rxc5 Nxb3 26. Rb5 Nd2 27. Rf2 Nc4 28. Bd4 Nxa3 (28... b6 29.
a4 Rfe8 30. Bd5 Nce5 31. Bxb6 $16) 29. Rxb7) (22... Be5 {Ftacnik} 23. Nf5 $13)
23. Bxd4 Qa6 24. Rf5 $5 (24. Qb2 f6 {/\ Be5} 25. Bd5+ Kh8 26. Qg2 Bxa3 (26...
Bh2+ 27. Kxh2 Qd6+ 28. Kg1 Qxd5 29. Qxd5 Rxd5 30. Rc7) (26... Rd7 27. g5 $5
Bxa3 28. gxf6 gxf6 29. Rxf6 Rxf6 30. Rc8+ Bf8 31. Rxf8+ Nxf8 32. Qg8#) 27. Bxb7
Qb5 $13) 24... Bxa3 25. Rcf1 Ne7 (25... Rc8 $2 26. Rxf7 Rxc2 27. Rxg7+ Kh8 28.
Rxg6+ $18) 26. Rh5 g6 27. Re5 (27. Rh6 {Donev,I} Nc6 28. Bf6 (28. Bxc6 Qxc6 29.
Qf2 Bc5 30. Rc1 Rxd4 $1 31. exd4 Bxd4 $19) 28... Be7 29. g5 Bxf6 30. gxf6 Qd3
31. Qf2 Rfe8 32. Re1 (32. Qh4 Qxe3+ 33. Kh1 Rd4 $19) 32... Rd6 $17 {/\Qc3})
27... Bd6 (27... Nc6 28. Bxc6 (28. Rf6 Nxd4) 28... bxc6 29. Rf6 Bd6) 28. Re4 (
28. Rf6 Bxe5 29. Rxa6 Bxd4 30. Bxb7 Bxe3+ 31. Kf1) (28. Qe4 Bxe5 29. Qxe5 Rxd4
30. exd4 Nc6 $13) 28... Nd5 29. g5 Qb5 30. Ba1 (30. Rh4 {Donev,I} Nb4 31. Qf2
Qxg5 32. Bf6 Qg3 33. Qxg3 Bxg3 34. Bxd8 Rxd8 $44 35. Rg4 Be5 36. Bxb7 Rd3 37.
Re4 f6) (30. Qf2 {Ftacnik} Bc5) (30. Qc4 Qxc4 31. bxc4 Nb4 32. c5 Bb8 (32...
Bc7 33. Re7) (32... Bg3 33. Rg4) 33. Re7 Nc6 34. Rxb7 Nxd4 35. exd4 Rxd4 36. c6
$10) 30... Rc8 31. Rc4 $6 (31. Qb2 $2 Nc3 32. Rc4 Be5) (31. Qd2 $1 Bb4 32. Rxb4
$1 (32. Qd4 Bc3 $17) 32... Nxb4 33. Qd4 f6 $8 34. Rxf6 $10 {I.Sokolov} (34.
Rxf6 {Donev,I} Rc1+ 35. Kh2 Rxa1 36. Qxa1 Qxg5 37. Rxf8+ Kxf8 38. Qh8+ Kf7 39.
Qxh7+ Kf6 $13)) 31... Rxc4 32. bxc4 Nxe3 33. Qc3 Qe5 {><h2} 34. Qxe5 Bxe5 35.
Bxe5 Nxf1 36. Kxf1 Re8 37. Bd4 Re7 38. Kf2 a4 39. Bb2 h6 (39... Rc7 $1 {Donev,I
} 40. Bd5 Rd7 41. Ke3 b5 $132) 40. h4 hxg5 41. hxg5 Rc7 42. Bd5 Rd7 $10 {
When Vaganian took his Bd5, planning to play Bd5-e4, he realized the answer
Rd7-d2+ and resigned.} (42... Rd7 43. Ba3 (43. Ke3 $1 $10) (43. Ke3 {Donev,I}
b5 44. Kd4 bxc4 45. Kxc4 $10) (43. Be4 $4 Rd2+ $19) (43. Ke3 $1 $10) 43... b5
44. Ke3 bxc4 45. Bxc4 $10) 0-1

[Event "WchT 2nd"]
[Site "Luzern"]
[Date "1989.??.??"]
[Round "8.3"]
[White "Hug, Werner"]
[Black "Vera Gonzalez Quevedo, Reynaldo"]
[Result "1/2-1/2"]
[WhiteElo "2445"]
[BlackElo "2480"]
[Annotator "Horn,Pe"]
[PlyCount "36"]
[EventDate "1989.10.27"]
[EventType "team-tourn"]
[EventRounds "9"]
[EventCountry "SUI"]
[SourceTitle "CBM 016"]
[Source "ChessBase"]
[SourceDate "1990.06.01"]
[SourceVersion "1"]
[SourceVersionDate "1990.06.01"]
[SourceQuality "1"]
[WhiteTeam "Switzerland"]
[BlackTeam "Cuba"]
[WhiteTeamCountry "SUI"]
[BlackTeamCountry "CUB"]

1. Nf3 d5 2. g3 c6 3. Bg2 Bg4 4. c4 e6 5. cxd5 (5. Ne5 Bh5 6. cxd5 exd5 7. d4
Nd7 8. O-O Ngf6 9. Qb3 Qb6 10. Nxd7 Nxd7 11. Qe3+ Be7 12. b3 Qd8 13. Ba3 Bg4
14. Nc3 Be6 $10 {Romanishin-Geller, Moskau 86}) 5... exd5 6. O-O (6. h3 Bxf3 7.
Bxf3 Qd7 8. d3 Na6 9. a3 f5 {Kirov-Kovacevic, Palma de Mallorca 89}) 6... Bd6
7. d4 {N} (7. d3 Ne7) 7... Nd7 8. Nc3 Ngf6 9. Bf4 Bxf4 10. gxf4 O-O 11. Qd2 (
11. Qc2 $5) 11... Bxf3 12. Bxf3 Nb6 13. e3 Nc4 14. Qe2 Re8 15. Kh1 Nd6 16. Rg1
Qd7 17. Rg5 g6 18. Rag1 Kf8 1/2-1/2

[Event "Olympiad-34"]
[Site "Istanbul"]
[Date "2000.11.01"]
[Round "5.1"]
[White "Damljanovic, Branko"]
[Black "Short, Nigel D"]
[Result "1-0"]
[WhiteElo "2559"]
[BlackElo "2677"]
[Annotator "Horn,Pe"]
[PlyCount "129"]
[EventDate "2000.10.28"]
[EventType "team-swiss"]
[EventRounds "14"]
[EventCountry "TUR"]
[SourceTitle "EXT 2001"]
[Source "ChessBase"]
[SourceDate "2000.11.22"]
[SourceVersion "1"]
[SourceVersionDate "2000.11.22"]
[SourceQuality "1"]
[WhiteTeam "Yugoslavia"]
[BlackTeam "England"]
[WhiteTeamCountry "YUG"]
[BlackTeamCountry "ENG"]

1. Nf3 d5 2. g3 Bg4 3. Bg2 Nd7 4. O-O Ngf6 5. d3 e5 6. c4 dxc4 7. dxc4 c6 8.
Nc3 (8. Qc2 Bc5 9. Nc3 O-O (9... Qe7 10. Na4 e4 11. Nxc5 Qxc5 12. Ng5 O-O 13.
Be3 Qe5 14. Nxe4 Nxe4 15. Bxe4 Nf6 16. Bg2 Rfe8 17. h3 $6 Qh5 $5 $132 {Bernard,
C-Roos,L/FRA-chT 1989}) 10. h3 Bxf3 (10... Bh5 11. Nh4 Re8 12. g4 Bg6 13. Nxg6
hxg6 14. b3 Qe7 15. Bb2 Ba3 16. Rad1 Bxb2 17. Qxb2 Rad8 18. e3 $14 {Murdzia,
P-Tukmakov,V/Koszalin 1998}) 11. Bxf3 Qe7 12. Kh2 (12. Bg2 $5) 12... Rfe8 13.
Bg5 h6 14. Bxf6 Nxf6 15. e3 e4 16. Bg2 h5 $11 {Petrosian,T-Portisch,L/Milan
1975}) 8... Qc7 ({Keine Nachahmer hat} 8... h6 9. Qc2 g5 $6 {gefunden:} 10. b3
Qe7 11. Bb2 Qe6 12. Rad1 Be7 13. Rd2 O-O 14. Rfd1 Rfd8 15. Ne4 Nxe4 16. Qxe4
Bf5 17. Qe3 f6 18. a3 {1/2-1/2 Pigusov,E-Bareev,E/Kharkov 1985}) ({Der
beliebteste Zug in dieser Stellung ist} 8... Be7 {, wobei zu beachten ist, daß
diese Stellung auch aus Altindisch mit frühem Bg4 entstehen kann.} {z.B.:} 9.
b3 ({oder} 9. h3 Be6 10. b3 h6) (9. Qc2 O-O 10. b3 Re8 11. h3 Bh5 12. Nh4 Nc5
13. g4 Nfd7 14. Nf5 Bg6 15. Bb2 {Markowski,T-Beliavsky,A/Koszalin 1998}) 9...
O-O 10. Bb2 Re8 11. Qc2 Bf8 12. h3 Bh5 13. Nh4 Nc5 14. Rad1 Qc7 15. g4 Bg6 16.
Nxg6 hxg6 17. e3 a5 18. Ne2 {Todorcevic,M-Rodriguez Vargas,O/Salamanca 1990})
9. Qc2 Bc5 (9... Be7) 10. b3 O-O 11. h3 Bh5 (11... Bxf3 12. Bxf3 Rfe8) 12. Nh4
Rfe8 13. e3 Rad8 14. Bb2 Nf8 (14... Bf8 15. g4 Bg6 16. Nxg6 hxg6 17. Rad1 $14)
15. Na4 $1 {Macht Jagd auf den anderen B.} ({Auf den Tausch des Bh5 ist
Schwarz vorbereitet:} 15. g4 Bg6 16. Nxg6 Nxg6 $11) 15... N6d7 (15... Be7 {
würde vermutlich nach} 16. Nf5 {zu ähnlichen Stellungen führen.}) 16. g4 (16.
Nxc5 Nxc5 {erobert auch das Läuferpaar, kostet aber einiges an Zeit.}) 16...
Be7 17. Nf5 Bg6 18. Rad1 Ne6 (18... Bf6 19. Nc3 {[%cal Yc3e4] rettet den Be7
auch nicht.}) 19. Nxe7+ Rxe7 20. Qc3 $14 e4 21. Ba3 Ree8 ({Short läßt sich
nicht zu} 21... c5 {[%csl Rd5] überreden; zu schrecklich sieht die
Felderschwäche auf d5 aus.} {z.B.:} 22. Qc2 Ree8 23. Nc3 Qa5 24. Bb2 Ng5 25.
Nd5 $16) 22. Bd6 $16 Qc8 23. Qa5 Qa8 24. Nc3 b6 25. Qa3 Nf6 (25... Ndc5) 26.
Be7 $1 Rxd1 27. Rxd1 Ng5 28. Bxf6 (28. Qd6) 28... gxf6 29. Qd6 (29. Rd7) 29...
Kg7 30. h4 Nf3+ 31. Bxf3 exf3 32. Qf4 {[%csl Rf3]} h5 33. Rd6 (33. Qxf3 hxg4
34. Qxg4 Rh8 35. Ne2) 33... Re6 (33... hxg4 34. Qxf6+ Kg8 35. Rxc6 $18 {
[%cal Rc3d5]}) 34. Rxe6 fxe6 35. Qxf3 hxg4 36. Qxg4 Kf7 37. Qd1 (37. h5 Bf5 38.
Qf4) 37... Ke7 38. h5 Bf5 39. Qf3 Qg8+ 40. Qg2 Qg4 41. e4 Qxg2+ 42. Kxg2 Bg4
43. h6 Kf7 44. f3 Bh5 45. Ne2 e5 (45... Kg6 46. Nf4+ Kxh6 47. Nxe6) 46. Ng3 Bg6
47. Kh3 Kg8 48. Kg4 c5 49. Nf5 Kh7 50. Ne7 Kxh6 51. Nc8 Be8 52. Nxa7 Bd7+ 53.
Kg3 f5 54. Nb5 fxe4 55. fxe4 Kg6 56. Nc3 Kf7 57. a4 Ke6 58. Nd5 Kd6 59. Nxb6
Be8 60. a5 Kc6 61. Na4 Bg6 62. Kf3 Bh5+ 63. Ke3 Bd1 64. a6 Bxb3 65. a7 1-0